Légendes Pokémon Z-A : Quelle est la bonne zone sauvage ? - Statistiques

Statistiques générales
  • Ce quiz a été pris 10 fois
  • Le résultat moyen est 5 sur 20
Réponses sur la Carte
Les réponses sont colorées sur une échelle allant du rouge au vert en fonction du pourcentage des utilisateurs qui les ont devinées à leur premier essai. Vous pouvez retrouver ces pourcentages ci-dessous.
 
Statistiques - réponses
Réponse % Correct
Zone Sauvage n°2
57%
Zone Sauvage n°20
57%
Zone Sauvage n°1
43%
Zone Sauvage n°3
43%
Zone Sauvage n°4
43%
Zone Sauvage n°10
29%
Zone Sauvage n°18
29%
Zone Sauvage n°5
29%
Zone Sauvage n°7
29%
Zone Sauvage n°11
14%
Zone Sauvage n°12
14%
Zone Sauvage n°13
14%
Zone Sauvage n°15
14%
Zone Sauvage n°17
14%
Zone Sauvage n°19
14%
Zone Sauvage n°8
14%
Zone Sauvage n°14
0%
Zone Sauvage n°16
0%
Zone Sauvage n°6
0%
Zone Sauvage n°9
0%
Aucun quiz correspondant
Distribution des résultats
% des personnes avec chaque résultat
Percentile par nombre de réponses
Votre historique - résultats
Vous n’avez pas pris ce quiz